000 00766nam a22001937a 4500
005 20240206105236.0
010 _aHIN-126812
020 _a9789389412246
_c450.00
035 _aHN-99158
037 _bDBAD/PUB
082 _a181.41
100 _aराजपुरोहित, कन्हैय्यालाल
_961702
245 _aअध्यात्मिक राष्ट्रवाद /
260 _a दिल्ली
_bकेटरपिलर पब्लिशर्स
_c2022
270 _a1376, द्वितीये फ्लोर , कश्मीरी गेट
_b दिल्ली
270 _e110006
300 _a496 पृष्ठ
_c22 (सजिल्द)
942 _cHN
_h181.41
_2ddc
_mरजपू
999 _c200296
_d200296